[Event "LBV Roosendaal"]
[Site "?"]
[Date "2012.08.18"]
[Round "5"]
[White "Sprenger, Jan"]
[Black "l'Ami-Motoc, Alina"]
[Result "1/2-1/2"]
[Annotator "University,Tilburg"]
[BlackElo "2373"]
[EventDate "2012.??.??"]
[PlyCount "59"]
[WhiteElo "2498"]

1. e4 c6 2. d4 d5 3. exd5 cxd5 4. c4 Nf6 5. Nc3 g6 6. Qb3 e6 { Never seen
before.}  7. Nf3 { With a beach-related draw offer which Black declined.}  7...
Nc6 $6 8. c5 $1 { The right plan in the spirit of the Panov.}  8... Bg7 9. Bf4
O-O 10. Bd6 Ne7 11. Be2 ( { Perhaps } 11. Bd3 { is more accurate.} )11... Ne8
12. Bxe7 Qxe7 13. O-O Nc7 14. Rac1 f6 15. Rfe1 Qf7 16. Bd3 $1 { Prevents e5
indirectly and prepares Qc2 after a possible g6-g5.}  16... e5 $2 { This is way
to optimistic.}  17. dxe5 fxe5 18. Ng5 $1 ( 18. Nxd5 $2 Be6 $19 )18... Qxf2+
19. Kh1 Qd4 $2 ( { Relatively better was } 19... Qf6 20. Nxd5 Nxd5 21. Qxd5+
Kh8 22. Ne4 { with stable positional advantage.}  )20. Nxd5 $1 Nxd5 21. Re4 $6
{ Missing a crucial defensive resource, but nevertheless a reasonable move.}  (
21. Be4 { what I originally planned was sufficient for the win, e.g.}  21...
Kh8 22. Bxd5 h6 23. Nf3 ( 23. Ne4 a5 $1 )23... Qf4 24. c6 )21... Qf2 22. Qxd5+
Kh8 23. Bc4 h6 $2 ( 23... h5 $1 24. Nf7+ Kh7 25. Re2 Qd4 26. Nxe5 $16 )24. Nf7+
Kh7 25. Rf1 Qxb2 26. Rh4 Bf5 27. Ng5+ $4 ( 27. Nxh6 $1 Bxh6 28. Qd6 $18 { and
Black is helpless. I saw this idea but was in heavy timetrouble and dismissed
it too quickly. The main line goes}  28... e4 29. Qe7+ Qg7 30. Rxh6+ $3 Kxh6
31. Qh4# )27... Kh8 28. Qg8+ $5 Rxg8 29. Nf7+ Kh7 30. Ng5+  1/2-1/2

[Event "LBV Roosendaal"]
[Site "?"]
[Date "2012.08.18"]
[Round "?"]
[White "Sprenger, Jan"]
[Black "Bosboom, Manuel"]
[Result "0-1"]
[Annotator "University,Tilburg"]
[BlackElo "2388"]
[EventDate "2012.??.??"]
[PlyCount "78"]
[WhiteElo "2498"]

1. e4 c5 2. Nf3 d6 3. d4 cxd4 4. Nxd4 Nf6 5. Nc3 a6 6. g3 Nc6 7. Bg2 Bg4 8. Nxc6
bxc6 9. Qd3 e5 10. O-O Nd7 $6 ( 10... Be7)11. f4 a5 $6 12. Be3 Nc5 13. Qd2 $1 {
The right plan. Qf2 is now often a strong threat.}  ( { I was  (  and am  ) 
not sure about the position after } 13. Bxc5 dxc5 { . For example:}  14. f5 (
14. h3 Be6 )14... Qd4+ 15. Rf2 f6 )13... Rb8 14. Qf2 ( 14. b3 f6 15. h3 Be6 16.
Rad1 Nd7 17. Qe2 { is another reasonable continuation.}  )14... Nd7 { The black
opening setup has been quite provocative, and White should play accurately to
exploit it.}  15. h3 $6 ( 15. b3 { forces}  15... f6 16. Bf3 Bh3 ( 16... Bxf3
17. Qxf3 $16 )17. Rfd1 Be6 18. Bh5+ g6 19. f5 Bf7 20. Bg4 $36 )15... Be6 16. b3
f6 17. Rad1 Be7 18. g4 $2 { White overestimates the strength of a knight
appearing on d4 and f5.}  ( 18. f5 Bf7 19. Na4 O-O 20. g4 $14 { with a strong
positional bind.}  )18... exf4 $1 19. Bxf4 Ne5 20. Ne2 h5 21. Nd4 Qc8 22. Nf5 (
22. Bxe5 $5 dxe5 23. Nxe6 Qxe6 24. Qa7 Kf7 25. Bf3 { was also an option.} 
)22... hxg4 23. hxg4 Bxf5 24. gxf5 $2 { Not only a tactical oversight, but also
a remarkable strategical mistake.}  ( 24. exf5 Kf7 ( { I did not want to allow
} 24... d5 $6 { but it is White who has the initiative after}  25. Rfe1 Qc7 26.
Qd4 Bd6 27. c4 )( 24... Nxg4 $2 25. Qg3 Qxf5 26. Bxc6+ ( 26. Bxd6 $4 Qc5+ $3
$19 ) 26... Kf7 27. Bd5+ Kg6 ( 27... Kf8 28. Bxd6 ) 28. Rfe1 )25. Rfe1 { with
some remaining initiative.}  )24... Bd8 $1 { White is not given the time for
Bg2-f3-e2.}  25. Bf3 $4 { This loses on the spot. Such a mistake should really
not happen after 15 minutes of thinking. As a result, White, who had had more
time on the clock for most of the game, also runs into serious timetrouble.}  (
{ Relatively the best was perhaps } 25. Qg3 Bb6+ 26. Be3 Bxe3+ 27. Qxe3 Qc7 28.
Bf3 Ke7 29. Kg2 g5 $15 )( 25. Bxe5 $5 fxe5 26. Qg3 Bb6+ 27. Rf2 $15 { was also
reasonable.}  )25... Bb6 26. Be3 Rh3 $1 27. Bxb6 ( 27. Qe2 Bxe3+ $1 28. Qxe3
Rg3+ $1 { was what I missed, Black wins on the spot after}  29. Kh1 ( 29. Kf2
Ng4+ )29... Ke7 30. Rd2 Ng4 $19 )27... Rxf3 $6 ( { Easier was } 27... Nxf3+ 28.
Kg2 Rh2+ 29. Kxf3 Rxf2+ 30. Bxf2 d5 $1 31. Rfe1 dxe4+ 32. Kxe4 Rb5 $19 { but
now we see an entertaining finish.}  )28. Qh4 ( { It took me some minutes to
reject } 28. Qd4 $2 Qa6 $1 29. Bc7 Qe2 $19 )28... Rxf1+ 29. Rxf1 ( 29. Kxf1
Qa6+ $19 )29... Rxb6 30. Qh8+ Kd7 31. Qxg7+ Kd8 32. Qxf6+ Kc7 33. Rf2 ( 33.
Qg7+ Qd7 34. f6 Nf7 { An effective blockade.}  35. Rf5 Rb4 $1 { The most
energetic move.}  ( 35... Rb5 36. Rxb5 cxb5 37. Kf2 $17 )36. c4 a4 37. Ra5 $1 (
37. Rh5 axb3 38. axb3 Rxb3 39. Rh7 Kb6 $19 )37... axb3 38. Ra7+ Rb7 39. Rxb7+
Kxb7 40. axb3 Qe6 { and Black will ultimately win as well.}  )33... Rb4 34. c4
a4 35. c5 $2 { Suicidal.}  ( 35. Qg7+ Qd7 36. f6 Nf7 37. Rf3 axb3 38. axb3 Rb8
$40 { is also lost but White can still fight.}  )35... Rxe4 { Further material
losses are now inevitable due to the vulnerable position of the white king.} 
36. cxd6+ Kb6 37. bxa4 Re1+ 38. Rf1 Qg8+ 39. Kf2 Nd3+  0-1

[Event "European Club Cup Eilat"]
[Site "Eilat"]
[Date "2012.10.13"]
[Round "3"]
[White "Sprenger, Jan Michael"]
[Black "Van Wely, Loek"]
[Result "1/2-1/2"]
[Annotator "University,Tilburg"]
[BlackElo "2688"]
[EventCountry "ISR"]
[EventDate "2012.10.11"]
[EventRounds "7"]
[PlyCount "83"]
[WhiteElo "2491"]

1. e4 c5 2. Nf3 d6 3. d4 cxd4 4. Nxd4 Nf6 5. Nc3 a6 6. g3 e5 7. Nb3 { De
stellingen na 7. Pde2 overtuigen me niet meer.}  7... Be7 8. Bg2 O-O 9. a4 b6
10. O-O Nbd7 { (  1.31/1.21  )}  11. Nd2 Bb7 $6 { Hier had ik toch Dc7 verwacht
om het veld c4 niet prijs te geven.}  12. Nc4 $1 Nc5 13. Bg5 $1 { Wit hoeft
geen Te1 te spelen en kan Zwart direct onder druk zetten.}  13... b5 $5 ( 13...
Nfxe4 14. Bxe7 Qxe7 ( 14... Nxc3 15. Bxd8 Nxd1 16. Bxb6 $18 )15. Nd5 Bxd5 16.
Qxd5 Nf6 17. Qxd6 Qxd6 18. Nxd6 Rad8 19. Rfd1 $36 ( 19. Nc4 $5))14. axb5 axb5
15. Rxa8 Qxa8 { Diagramm #  (  0.48/0.45  )}  16. Bxf6 ( 16. Nxb5 { was
objectief ook goed.}  16... Ncxe4 17. Bxf6 Bxf6 18. Nc7 Qc8 19. Bxe4 Qxc7 20.
Bxb7 Qxc4 $14 )( 16. Nxd6 Rd8 17. Ncxb5 Qb8 18. Bxf6 Bxf6 19. Qe2 Rxd6 20. Nxd6
Qxd6 $13 )16... Bxf6 17. Qxd6 { Over deze zet dacht ik 20' na. Waarschijnlijk
is hij ook de beste, want Zwart moet in het resulterende eindspel  (  dat
redelijk geforceerd op het bord komt  )  moeilijke keuzes nemen.}  ( 17. Nxd6
Rd8 18. b4 Ne6 { en nu kan blijkbaar}  19. Nd5 $1 ( 19. Ncxb5 Be7 20. c4 Bc6
)19... Bxd5 20. exd5 Rxd6 21. dxe6 Rxd1 22. Bxa8 Rd4 $14 )( 17. Nb6 Qd8 18.
Nbd5 Bc6 $14 { was me niet duidelijk, maar Wit staat gewoon beter.}  )17...
Nxe4 18. Nxe4 Bxe4 19. Nb6 Qb8 $1 { We dachten in de analyse eerst dat dit een
fout was, maar na 19. ...Dd8 krijgt Zwart het feitelijk moeilijker.}  ( 19...
Qd8 20. Qxd8 ( 20. Nd7 $2 Be7 )20... Bxd8 21. Nd7 Bxg2 22. Kxg2 Re8 23. Ra1 f6
24. Ra8 Kf7 25. Rb8 $16 )20. Qxb8 Rxb8 { (  0.21/0.38  )}  21. Nd7 ( 21. Bxe4
Rxb6 22. Rd1 $11 { is wat bescheiden.}  )21... Bxg2 22. Nxb8 Bxf1 23. Kxf1 {
Diagramm #}  23... Bd8 $2 ( { De computer geeft } 23... Kf8 $1 24. Nd7+ Ke7 25.
Nxf6 Kxf6 { als remise aan, maar het ziet er in een praktische partij heel link
uit met de verre vrijpion.}  )( 23... g6 $5 24. Nc6 Bg7 25. Ke2 e4 26. c3 f5
27. Na7 $140 b4 28. cxb4 Kf7 $132 { is misschien de beste "menselijke" manier
om te spelen.}  )24. Nc6 Bc7 25. Ke2 Kf8 { (  0.15/0.24  )}  26. Na7 $2 { Ik
besefde pas na 26. Ke2 hoe goed ik eigenlijk stond en vergat dat niet elke
manier om een pion te winnen even goed is. Het idee b4/c3/Pa7 of Pd4 was me
totaal ontgaan. Ik zag het natuurlijk toen Loek b3 speelde...}  ( 26. b4 Bb6
27. Nxe5 Ke7 28. f4 Ke6 29. Kd3 $16 { Zwart heeft nog remisekansen, maar het
wordt zwaar.}  )26... b4 27. Nc6 { Diagramm #}  27... b3 $1 { Met een dubbele
pion is het veel lastiger voor wit dan met een b- en c-pion...}  ( 27... Bd6
28. Kd3 Ke8 29. Kc4 Kd7 30. Nxb4 $18 )28. cxb3 Ke8 29. b4 ( 29. f3 Kd7 30. Nb4
Ke6 31. Kd3 Bb6 $132 )29... Kd7 30. Na5 e4 { (  0.10/0.26  )}  31. Nc4 Kc6 32.
Ke3 Kd5 33. b3 g5 34. f3 $6 { Daarmee verdwijnen ook de laatste kansen voor
winst.}  ( 34. b5 f5 35. b6 Bb8 36. Kd2 f4 $14 )34... exf3 35. Kxf3 f5 { ( 
0.09/0.24  )}  36. h3 h5 37. Ne3+ Ke5 38. Nc4+ Kd4 39. Ne3 g4+ 40. hxg4 hxg4+
41. Nxg4 fxg4+ 42. Kxg4  1/2-1/2

[Event "Catalan League"]
[Site "?"]
[Date "2013.02.16"]
[Round "?"]
[White "Sprenger, Jan"]
[Black "Norwood, David"]
[Result "1-0"]
[Annotator "University,Tilburg"]
[BlackElo "2510"]
[EventDate "2013.??.??"]
[PlyCount "71"]
[WhiteElo "2497"]

1. e4 d6 2. d4 Nf6 3. Nc3 g6 { Deze volgorde verbaasde me: Norwood staat bekend
als expert in de Modern Defence, maar nu kiest hij voor een Pirc-opbouw. Wou
hij misschien het systemen zonder Pc3 voorkomen, die ik vaak speel? In ieder
geval besloot ik de uitdaging aan te nemen.}  4. f4 $1 { De meest principiele
en waarschijnljik ook beste zet.}  4... Bg7 5. Nf3 c5 6. Bb5+ Bd7 7. e5 Ng4 8.
Bxd7+ ( 8. e6 Bxb5 9. exf7+ Kf8 { is de hyperscherpe hoofdvariant.}  )8... Qxd7
( 8... Nxd7 $2 9. e6 fxe6 10. Ng5 { is niet aan te raden.}  )9. d5 dxe5 10. h3
e4 11. Nxe4 Nf6 12. Nxf6+ Bxf6 13. O-O O-O 14. c4 { Dit was de door mij beoogde
stelling. Ik had hem zeker acht jaren lang niet bekeken, maar ik wist nog dat
de stelling best aangenaam voor wit speelde. Maar misschien ziet het beter uit
dan het is?}  ( { Achteraf bleek dat } 14. Be3 Bxb2 15. Rb1 Bg7 16. Bxc5 { de
meest gespeelde voortzetting is, maar de theorie niet kennende speelde ik een
"natuurlijke" zet.}  )14... Qd6 15. f5 { Wederom principieel gespeeld. Wit wil
zijn toren en zijn loper activeren.}  ( 15. Ne5 Nd7 { lijkt niets op te
leveren.}  )( 15. a4 $5)15... Nd7 { Diagramm # Deze stelling werd al voor meer
dan 25 jaren in de partij Kengis-Popchev, Albena 1986, bereikt. Ik moet echter
toegeven dat me deze klassieker van de sowjetrussiche salonremise niet bekend
was. Kengis speelde nu Lh6 en de partij duurde geen drie zetten meer. In plaats
daarvan koos ik voor het mindere}  ( 15... gxf5 $6 16. Qc2 e6 17. Bg5 Bxg5 (
17... Bg7 18. Rad1 $36 )18. Nxg5 $36 { lijkt me veel te gevaarlijk voor zwart.}
 )16. Qc2 $2 { Maar dit is slecht. Ik was zo zeer op de konigsvleugel gefixeerd
dat ik het thematische antwoord van zwart---een motief dat ik 1-2 zetten van
tevoren nog had bekeken---even niet meer in de gaten had.}  ( 16. fxg6 hxg6 17.
Bg5 $1 { was de meest logische voortzetting.}  17... b5 ( 17... Bxb2 18. Rb1
Bf6 19. Rxb7 Rfb8 20. Rb3 $1 { is misschien een klein plusje.}  )18. Bxf6 Nxf6
19. cxb5 { is nu een superieure variant van de partij, ook al heeft Zwart na} 
19... a6 $5 20. bxa6 Rxa6 { voldoende compensatie.}  )16... b5 $1 { Uiteraard.
Zwart ontwikkelt nu een vervelend initiatief.}  17. cxb5 Qxd5 $6 ( { Zeer
interessant is het  (  tijdelijke  )  pionoffer } 17... a6 $1 18. fxg6 hxg6 19.
bxa6 Rfb8 $1 $44 { en Wit moet opletten om niet duidelijk slechter te komen te
staan.}  ( 19... Rxa6 20. Bg5 $11 ))( 17... Rfb8 $6 18. a4 a6 { zou heel sterk
zijn als Wit op a6 moet slaan  (  Zwart bereikt een droomstelling in het
Wolga-gambit  )  , maar er is gelukkig}  19. Qe4 $1 )18. Bg5 $5 { Probeert om
meteen het beste stuk van Zwart, de Lf6, af te ruilen.}  ( 18. Rd1 Qb7 ( 18...
Bd4+ $2 19. Nxd4 cxd4 20. fxg6 hxg6 21. Qc6 $1 $36 )19. fxg6 hxg6 20. Qe2 { was
eveneens goed speelbaar, want}  20... a6 $2 { wordt weerlegd door}  ( 20...
Rfd8 21. Bg5 Nf8 22. Bxf6 exf6 $11 )21. bxa6 Rxa6 $2 22. Rxd7 $1 )18... c4 (
18... Qxf5 $6 19. Qxf5 gxf5 20. Bxf6 Nxf6 21. Ne5 e6 22. g4 $36 )19. a4 ( { Een
logisch alternatief was } 19. Bxf6 Nxf6 20. fxg6 hxg6 21. a4 { maar Zwart kan
nu het paard in het centrum neerzetten:}  21... Ne4 22. Rad1 Qc5+ 23. Kh2 Qc7+
$11 )19... Rfd8 $2 { Het is verrassend, maar Wit ontwikkelt nu een gevaarlijk
initiatief.}  ( 19... Bxg5 20. Nxg5 { leidt tot onduidelijke stellingen, bijv.}
 20... Rad8 ( 20... Ne5 21. Rad1 Nd3 22. b3 h6 23. Nf3 Qc5+ 24. Kh2 Qxf5 25.
bxc4 $13 )( 20... Nc5 $2 21. Rac1 Nb3 22. Rcd1 $36 ( 22. Qxc4 $2 Qxc4 23. Rxc4
Nd2 ) )21. Qf2 $5 $13 )20. Bxf6 Nxf6 $6 ( 20... exf6 $5 { was het mindere
kwaad: Zwart houdt e5 onder controle en staat nog enigszins.} )21. fxg6 hxg6
22. Rae1 $16 { Diagramm # Nu is de dreiging Pf3-e5-c6/g6 zeer vervelend. Zwart
verkeert al in behoorlijke problemen.}  22... Qc5+ ( 22... a6 $5 { is misschien
het beste, maar helaas heeft Wit}  23. b6 $1 Qc5+ ( 23... Rab8 24. Re5 Qd3 25.
Qxd3 cxd3 26. a5 )( 23... Qa5 24. Qf2 Rab8 25. Rxe7 Rxb6 26. Ng5 $1 $36 )24.
Qf2 Qb4 25. a5 $1 Qxa5 26. Rxe7 $36 )( 22... Qd3 23. Rf2 $1 { hernieuwt de
dreiging Pe5.}  )23. Qf2 Qb4 $2 ( 23... Qxf2+ 24. Rxf2 Kf8 25. Ne5 Rd4 26. Nc6
$140 ( 26. g4 $5)26... Re4 { is beter, ook al blijft de stelling moeilijk.} 
)24. Nd4 $1 ( 24. Ne5 Rd2 $132 )24... Rd7 { Afgedwongen.}  ( { Misschien had
Norwood } 24... Qxa4 { gepland, maar miste hij}  25. Nc6 Rd6 26. Nxe7+ Kg7 (
26... Kh8 27. Qh4+ Kg7 28. Nf5+ )( 26... Kf8 27. Nxg6+ fxg6 28. Qc5 $18 )27.
Nd5 $1 $18 )25. Nc6 Qd6 26. Rxe7 Rxe7 27. Nxe7+ Kg7 28. Nc6 a6 $6 { Diagramm #
Verliest vanwege een "petite combinaison", maar alternatieven waren schaars.} 
29. Qxf6+ $1 Qxf6 30. Rxf6 axb5 ( 30... Kxf6 31. b6 $18 )31. Rf3 $1 ( 31. axb5
$2 Kxf6 32. b6 Ra1+ 33. Kh2 ( 33. Kf2 $2 Rb1 )33... Rb1 34. b7 Rxb2 35. b8=Q
Rxb8 36. Nxb8 c3 37. Nd7+ Kf5 38. Nc5 Kf4 { geeft Zwart alleen maar
tegenkansen.}  )31... Rxa4 32. Ra3 $18 Rxa3 33. bxa3 Kf6 34. Kf2 Kg5 35. g3 f5
36. Ke3  1-0

[Event "ECC Bilbao"]
[Site "?"]
[Date "2014.09.15"]
[Round "2.2"]
[White "Sprenger, Jan"]
[Black "Laurusas, Tomas"]
[Result "1-0"]
[BlackElo "2440"]
[BlackTeam "Margiris Kaunas"]
[EventDate "2014.??.??"]
[PlyCount "33"]
[WhiteElo "2479"]
[WhiteTeam "LSG"]

1. e4 c6 2. d4 d5 3. Nd2 Nh6 $6 { Ich kann mir beim besten Willen nicht
vorstellen, dass dieser Zug eine vollwertige Alternative zum normalen de4:
darstellt. Aber natÃ1/4rlich ist es nicht so einfach in dieser Stellung Vorteil
nachzuweisen. Wahrscheinlich ist die Stellung objektiv relativ gleich, aber sie
spielt sich leichter fÃ1/4r WeiÃY.}  4. Ngf3 Bg4 5. h3 Bxf3 6. Qxf3 dxe4 ( 6...
e6 7. c3 { gibt WeiÃY einen kleinen, aber risikolosen Vorteil.}  )7. Nxe4 $1 {
WeiÃY fÃ1/4rchtet sich zu Recht nicht vor Dd4:.}  7... Qxd4 $2 { Diesen Bauern
zu nehmen ist ziemlicher Wahnsinn. In den Varianten mit 3. Sc3 a6, die Laurusas
auch spielt, kommt dieser Zug manchmal in ErwÃNgung, da Schwarz dann die
Ressource Sg8-f6 hat  (  Angriff auf den Se4, Verteidigung von f7 gegen Lc4/
Df3  )  . Hier aber hilft der "Entwicklungszug" Sh6 nur WeiÃY, da Lh6: es WeiÃY
erlaubt, den Ta1 schnell zu aktivieren und die schwarze Struktur zu zertrÃ1/
4mmern. Ich denke, die schwarze Stellung ist im hÃPheren Sinne bereits
verloren.}  8. c3 ( { Nicht zu viel Eile: } 8. Bxh6 gxh6 9. Rd1 Qxb2 10. Qd3 (
10. Bc4 Qb4+ $1 )10... Qb6 11. Qc3 Rg8 12. Bc4 Bg7 { ist ziemlich unklar.} 
)8... Qd5 ( 8... Qe5 9. Bxh6 gxh6 10. Bc4 e6 11. O-O-O Be7 12. Rhe1 { droht
Sd6+}  12... O-O 13. Nd6 Qf6 ( 13... Qc5 14. Re4 $1 )14. Qxf6 Bxf6 15. Nxb7 $16
)9. Bxh6 gxh6 10. Rd1 Qe6 $2 { Hiernach ist es bereits forciert aus.}  ( 10...
Qe5 11. Bc4 $1 { ist menschlich und gut.}  ( 11. Qd3 f5 12. Be2 $5 ( 12. Qd8+
Kf7 13. Bc4+ Kg7 ) 12... fxe4 13. Qd8+ Kf7 14. Qc8 b6 15. Qb7 Bg7 16. O-O Bf6 {
gibt der Computer als gewonnen fÃ1/4r WeiÃY, aber ich habe meine Zweifel.} 
)11... e6 12. O-O Be7 13. Rfe1 O-O 14. Nd6 Qf6 15. Qxf6 Bxf6 16. Nxb7 { leitet
Ã1/4ber.}  )11. Qe3 $1 $18 { Dieser bei 8. c3 vorbereiteter Zug traf meinen
Gegner unerwartet. Schwarz hat keine ausreichende Verteidigung gegen die Keule
Lc4.}  11... b5 $8 ( 11... Bg7 12. Bc4 $1 Qxc4 13. Nd6+ $18 )12. Be2 Bg7 { So
gut oder schlecht wie alles andere.}  ( 12... Rg8 13. Bg4 Rxg4 14. hxg4 { und
zu allem UnglÃ1/4ck scheitert auch noch}  14... Nd7 { an}  ( 14... Bg7 15. g5
$1 hxg5 16. Rxh7 Qg6 17. Nd6+ Kf8 18. Nf5 $1 $18 )15. Rxd7 $1 )13. Bg4 Qe5 (
13... Qg6 14. Nd6+ Kf8 15. Nf5 )14. f4 Qc7 15. Nd6+ Kf8 16. Nxf7 $1 e5 {
Verzweiflung.}  ( 16... Kxf7 17. Qe6+ Kf8 18. Bh5 Qxf4 19. Rd8# )17. fxe5 { Die
einfachste und ÃNsthetischste LÃPsung. Schwarz wird mattgesetzt}  ( 17. fxe5
Kxf7 ( 17... Qxf7 18. Rf1 Qxf1+ 19. Kxf1 Na6 20. Qf2+ )18. O-O+ Ke8 19. Bh5+
Ke7 20. Qc5+ Ke6 21. Bg4# ) 1-0